| 000 | 00514nam a2200241Ia 4500 | ||
|---|---|---|---|
| 003 | IT-RoPAU | ||
| 008 | 120407s9999 xx 000 0 und d | ||
| 040 | _aIT-RoPAU | ||
| 040 | _cIT-RoPAU | ||
| 041 | _aita | ||
| 100 | _aAntonio Bertin | ||
| 245 | _aEinstein | ||
| 250 | _aMilano | ||
| 260 | _aAccademia | ||
| 260 | _c1971 | ||
| 300 | _a271 p. | ||
| 300 | _c19 cm | ||
| 490 | _aI memorabili,24 | ||
| 490 | _v1 | ||
| 600 | _aLa vita , il pensiero, i testi esemplari | ||
| 942 | _cBK | ||
| 999 |
_c31082 _d31082 |
||